Plants recorded as resistant to root-knot nematodes /

Guardado en:
Autor Principal: Franklin, Mary T.
Otros Autores: Hopper, David J.
Formato: Libro
Idioma:English
Publicado: Farnham Royal : Commonwealth Agricultural Bureaux, [1959].
Etiquetas: Agregar Etiqueta
Sin Etiquetas, Sea el primero en etiquetar este registro!
LEADER 00526nam a22001455a 4500
001 EEA.libagro001916
005 20150416131557.0
008 130809s1959####xxk###########000#0#eng#d
082 0 4 |a 581.29 
100 1 |a Franklin, Mary T. 
245 1 0 |a Plants recorded as resistant to root-knot nematodes /  |c catalogued by Mary T. Franklin and David J. Hooper. 
260 |a Farnham Royal :  |b Commonwealth Agricultural Bureaux,  |c [1959]. 
300 |a 33 p. ;  |c 24 cm. 
700 1 |a Hopper, David J. 
859 |a AR-BbBCA  |b BIB. AGRONOMIA  |h 581.29  |i F833  |p 1962/0005